Introducción a la economía y administración de empresas /

Esta obra proporciona una visión sistémica de la empresa haciendo hincapié en la interrelación entre sus diferentes áreas funcionales. Consta de trece capítulos dedicados a la explicación de los fundamentos de la administración —conceptos de empresa, empresario, economía y administración de empresas...

ver descrição completa

Na minha lista:
Detalhes bibliográficos
Autor principal: Castillo Clavero, Ana María (dir. y coord.)
Formato: Livro
Idioma:espanhol
Publicado em: Madrid, España : Pirámide, 2005, c2005
coleção:(Economía y Empresa Pirámide)
Assuntos:
Tags: Adicionar Tag
Sem tags, seja o primeiro a adicionar uma tag!

MARC

LEADER 00000nam^a2200000^a^4500
001 000183487
005 20250521000000.0
009 20260310102041.462
020 |a 84-368-1714-1 
037 |a Acervo ITESO - Biblioteca 
041 |a ESP 
082 |a 658.  |b CAS 
100 |a Castillo Clavero, Ana María  |e (dir. y coord.) 
245 1 0 |a Introducción a la economía y administración de empresas /  |c Dir y coord. de A.M. Castillo Clavero ; pról. de Aquilino Alfredo Aguirre Sádaba. 
264 4 |a Madrid, España :  |b Pirámide,  |c 2005, c2005 
300 |a 396 p. 
336 |a texto  |b txt  |2 rdacontenido 
337 |a sin mediación  |b n  |2 rdamedio 
338 |a volumen  |b nc  |2 rdasoporte 
440 1 |a (Economía y Empresa Pirámide) 
520 |a Esta obra proporciona una visión sistémica de la empresa haciendo hincapié en la interrelación entre sus diferentes áreas funcionales. Consta de trece capítulos dedicados a la explicación de los fundamentos de la administración —conceptos de empresa, empresario, economía y administración de empresas—, así como a la introducción de las nociones básicas sobre los diferentes subsistemas empresariales —producción, logística, comercialización, finanzas e inversión, recursos humanos y administración—, finalizando con un capítulo dedicado a la creación de empresas. 
649 |a XX 
650 |a Empresarios 
650 |a Empresas -  |x Administración 
650 |a Proceso de Producción 
650 |a Mercadotecnia 
650 |a Finanzas 
650 |a Inversiones 
650 |a Recursos Humanos 
650 |a Proceso Administrativo -  |x Dirección 
650 |a Administración 
650 |a Ciencias Administrativas 
910 |a Fondo General 
920 |a Impresos - Libros 
930 |a Colección General 
905 |a 101 
901 |a 0500124083  |b IT1  |c ACC  |u 20250521 
901 |a 0500127285  |b IT1  |c ACC  |u 20250521 
901 |a 0500127282  |b IT1  |c ACC  |u 20250521 
901 |a 0500127289  |b IT1  |c ACC  |u 20250521 
902 |a https://opac.biblio.iteso.mx/vufind/Record/000183487